|
|
|
|
| LEADER |
00792nam a22002532a 4500 |
| 001 |
000748974 |
| 003 |
CZ BrMZK |
| 005 |
20041110093758.0 |
| 007 |
ta |
| 008 |
041110s1911 xr er|||||||||||cze d |
| 015 |
|
|
|a cnb000903815
|
| 035 |
|
|
|a (OCoLC)85543593
|
| 040 |
|
|
|a ABA001
|b cze
|c ABA001
|d ABA001
|d BOA001
|
| 041 |
0 |
|
|a cze
|a rus
|
| 100 |
1 |
|
|a Váňa, Jan,
|d 1847-1915
|7 jk01141371
|4 com
|
| 245 |
1 |
0 |
|a Škola ruské konversace /
|c sestav. Jan Váňa
|
| 250 |
|
|
|a 2. oprav. vyd.
|
| 260 |
|
|
|a Praha :
|b A. Storch syn,
|c 1911
|
| 300 |
|
|
|a VI, 118 s. ;
|c 8°
|
| 910 |
|
|
|a BOA001
|b PK-A-0011.359
|
| 964 |
|
|
|a Jazyk ruský - jazyk český - konversace - příručky
|
| 990 |
|
|
|a BK
|
| 993 |
|
|
|a Y
|
| 996 |
6 |
|
|b BC-170432
|c PK-A-0011.359
|l MZK
|r Sklad / do 1 hodiny
|n 0
|w 000748974
|u 000010
|a 1
|e BOA001
|j MZK50
|s P
|